000 00502nam a2200193Ia 4500
008 180207s9999 xx 000 0 und d
020 _a9780545018272
050 _bM969 2006
100 _aMunsch, Robert
245 _aKiss me, I'm perfect! /
245 _cby Robert Munsch ; illustrated by Michael Martchenko.
260 _aNew York :
260 _bScholastic,
260 _c2006
300 _aunpaged :
300 _bcolor illustrations ;
300 _c20cm.
440 _aCartwheel books.
999 _c355621
_d355621